<?xml version="1.0" encoding="UTF-8"?>
<record
    xmlns:xsi="http://www.w3.org/2001/XMLSchema-instance"
    xsi:schemaLocation="http://www.loc.gov/MARC21/slim http://www.loc.gov/standards/marcxml/schema/MARC21slim.xsd"
    xmlns="http://www.loc.gov/MARC21/slim">

  <leader>00356nam a2200121Ia 4500</leader>
  <controlfield tag="008">180130s9999||||xx |||||||||||||| ||und||</controlfield>
  <datafield tag="020" ind1=" " ind2=" ">
    <subfield code="c">NT380</subfield>
    <subfield code="a">978-986-320-850-1</subfield>
  </datafield>
  <datafield tag="100" ind1=" " ind2=" ">
    <subfield code="a">&#x8B1D;&#x5100;&#x970F;</subfield>
  </datafield>
  <datafield tag="245" ind1=" " ind2="0">
    <subfield code="c">&#x8B1D;&#x5100;&#x970F;</subfield>
    <subfield code="a">&#x504F;&#x57F7;&#x7684;&#x52C7;&#x6C23;&#xFF1A;&#x5F9E;web&#x5230;app&#xFF0C;&#x746A;&#x8389;&#x838E;&#xFF0E;&#x6885;&#x723E;&#x7684;&#x96C5;&#x864E;&#x6539;&#x9769;&#x4E4B;&#x8DEF;</subfield>
  </datafield>
  <datafield tag="250" ind1=" " ind2=" ">
    <subfield code="a">&#x4E00;&#x7248;</subfield>
  </datafield>
  <datafield tag="260" ind1=" " ind2=" ">
    <subfield code="c">2015.09</subfield>
    <subfield code="a">&#x53F0;&#x5317;&#x5E02;</subfield>
  </datafield>
  <datafield tag="300" ind1=" " ind2=" ">
    <subfield code="c"> cm.</subfield>
    <subfield code="a"> p.</subfield>
  </datafield>
  <datafield tag="942" ind1=" " ind2=" ">
    <subfield code="2">ccl</subfield>
    <subfield code="c">BOOK</subfield>
  </datafield>
  <datafield tag="999" ind1=" " ind2=" ">
    <subfield code="c">812</subfield>
    <subfield code="d">812</subfield>
  </datafield>
  <datafield tag="952" ind1=" " ind2=" ">
    <subfield code="0">0</subfield>
    <subfield code="1">0</subfield>
    <subfield code="2">ccl</subfield>
    <subfield code="4">0</subfield>
    <subfield code="7">0</subfield>
    <subfield code="a">yeezen</subfield>
    <subfield code="b">yeezen</subfield>
    <subfield code="d">2018-01-30</subfield>
    <subfield code="l">4</subfield>
    <subfield code="m">4</subfield>
    <subfield code="o">484.67 </subfield>
    <subfield code="p">C02283</subfield>
    <subfield code="r">2024-02-29 00:00:00</subfield>
    <subfield code="s">2024-02-01</subfield>
    <subfield code="w">2018-01-30</subfield>
    <subfield code="y">BOOK</subfield>
    <subfield code="z">&#x96C5;&#x864E;&#x9019;&#x4F4D;&#x7DB2;&#x8DEF;&#x5143;&#x7956;&#xFF0C;&#x4E8C;&#x5341;&#x5E74;&#x4F86;&#x6B77;&#x7D93;&#x65B0;&#x8208;&#x5C0D;&#x624B;&#x5D1B;&#x8D77;&#x7684;&#x885D;&#x64CA;&#xFF0C;&#x7336;&#x5982;&#x65E5;&#x8584;&#x897F;&#x5C71;&#x7684;&#x8001;&#x4EBA;&#x5782;&#x6B7B;&#x6399;&#x624E;&#x3002;&#x5E74;&#x8F15;&#x6709;&#x70BA;&#x3001;&#x8070;&#x660E;&#x7D55;&#x9802;&#x7684;&#x746A;&#x8389;&#x838E;&#xFF0E;&#x6885;&#x723E;&#xFF0C;&#x6191;&#x85C9;&#x8457;&#x904E;&#x53BB;&#x5728;&#x8C37;&#x6B4C;&#x7684;&#x5B8C;&#x6574;&#x8CC7;&#x6B77;&#x524D;&#x4F86;&#x62EF;&#x6551;&#x96C5;&#x864E;&#xFF0C;&#x6E96;&#x5099;&#x5927;&#x653E;&#x7570;&#x91C7;&#x3002;&#x4F46;&#x662F;&#xFF0C;&#x4E00;&#x9023;&#x4E32;&#x7684;&#x6C7A;&#x7B56;&#x5931;&#x8AA4;&#xFF0C;&#x5E7E;&#x4E4E;&#x8981;&#x4F7F;&#x5979;&#x88AB;&#x5168;&#x96C5;&#x864E;&#x7684;&#x54E1;&#x5DE5;&#x751F;&#x541E;&#x6D3B;&#x525D;&#xFF0C;&#x8D95;&#x51FA;&#x4F01;&#x696D;&#x3002;</subfield>
  </datafield>
</record>
